|
|
|
|
| LEADER |
00000nam0a2200000 4500 |
| 001 |
46810 |
| 005 |
20231101211040.0 |
| 035 |
|
|
|a (RuTPU)RU\TPU\book\48867
|
| 090 |
|
|
|a 46810
|
| 100 |
|
|
|a 20030128d1980 m y0rusy50 ca
|
| 101 |
0 |
|
|a rus
|
| 102 |
|
|
|a RU
|
| 105 |
|
|
|a a j 000zy
|
| 200 |
1 |
|
|a Органическая химия
|e учебник
|f А. И. Артеменко
|
| 210 |
|
|
|a Москва
|c Высшая школа
|d 1980
|
| 215 |
|
|
|a 440 с.
|c ил.
|
| 451 |
|
1 |
|0 (RuTPU)RU\TPU\book\7650
|y 5-06-003077-6
|t Органическая химия
|o учебник для студентов средних спец. учеб. заведений
|f А. И. Артеменко
|c М.
|n Высшая школа
|d 1998
|p 544 с.
|a Артеменко, Александр Иванович
|
| 606 |
1 |
|
|a Органическая химия
|2 stltpush
|3 (RuTPU)RU\TPU\subj\47309
|9 66362
|
| 610 |
1 |
|
|a ациклические соединения
|
| 610 |
1 |
|
|a углеводороды
|
| 610 |
1 |
|
|a алициклические соединения
|
| 610 |
1 |
|
|a спирты
|
| 610 |
1 |
|
|a карбоновые кислоты
|
| 610 |
1 |
|
|a эфиры
|
| 610 |
1 |
|
|a сера
|
| 610 |
1 |
|
|a сераорганические соединения
|
| 610 |
1 |
|
|a углеводы
|
| 610 |
1 |
|
|a карбоциклические соединения
|
| 610 |
1 |
|
|a карбоциклические углеводороды
|
| 610 |
1 |
|
|a ароматические соединения
|
| 610 |
1 |
|
|a амины
|
| 610 |
1 |
|
|a гетероциклические соединения
|
| 610 |
1 |
|
|a высокомолекулярные соединения
|
| 610 |
1 |
|
|a полимеризация
|
| 610 |
1 |
|
|a полимеры
|
| 610 |
1 |
|
|a высокомолекулярные соединения
|
| 610 |
1 |
|
|a учебники
|
| 675 |
|
|
|a 547(075.8)
|v 3
|
| 700 |
|
1 |
|a Артеменко
|b А. И.
|g Александр Иванович
|
| 801 |
|
1 |
|a RU
|b 63413507
|c 20030128
|g PSBO
|
| 801 |
|
2 |
|a RU
|b 63413507
|c 20210120
|g PSBO
|
| 942 |
|
|
|c BK
|